| 000 | 00578nam a22001817a 4500 | ||
|---|---|---|---|
| 005 | 20231211163638.0 | ||
| 010 | _aENG-137657 | ||
| 020 |
_a9789381523568 _c150.00 |
||
| 035 | _aEN-121189 | ||
| 037 | _bDBAD/PUB | ||
| 082 | _a158.1 | ||
| 100 |
_aKampchen, Martin _959763 |
||
| 245 |
_aSimply Do It Do It Simply: _bTranslated from German by Mattew Pritchard/ _cBy Martin Kampchen |
||
| 260 |
_aNew Delhi _bNiyogi Books _c2013 |
||
| 270 |
_aD-78, Okhla Industrial Area, Phase-I _bDelhi _e110020 |
||
| 300 |
_a99p. ; _c19cm (pbk) |
||
| 942 |
_2ddc _cEN _h158.1 _mKAM |
||
| 999 |
_c196845 _d196845 |
||